| 000 | 00823npc a2200229Ia 4500 | ||
|---|---|---|---|
| 001 | dg38-1974 [d000002075] | ||
| 003 | IT-MiCISF | ||
| 008 | 161014s9999||||xx | und|| | ||
| 040 |
_aIT-MiCISF _cIT-MiCISF |
||
| 041 | _aen | ||
| 100 | _aKetting Evert | ||
| 240 | _aCaring for Quality | ||
| 245 | 0 | _aCaring for Quality | |
| 250 | _a1a ed. | ||
| 260 |
_a Londra _bInternational Planned Parenthood Federation _c1994 |
||
| 300 | _app. 48 | ||
| 500 | _aBruce J., Berer M., Verma A., Senanayake P., Mensch B.S., Miller R.A. e V.C., Ruevekamp Danny, Shunglu V.K., Diaz S., TrĂas M., Plata M.I., Kwan M., Tokon T., Arango H., Hutchinson F. / pianificazione-familiare, servizi, rapporti-operatori-utenti / | ||
| 650 | _aservizi-alla-persona | ||
| 700 | _aAA.VV. | ||
| 942 | _cDD | ||
| 957 | _71 | ||
| 999 |
_a1974 _bsi _g1 _c207578 _d207578 |
||